|
|
|
|
| LEADER |
01596nam a2200313 a 4500 |
| 001 |
1107470 |
| 008 |
091222s1993 cau b 001 0 eng d |
| 010 |
|
|
|a 93029475
|
| 020 |
|
|
|a 0803938837 (cloth)
|
| 020 |
|
|
|a 0803938845 (pbk.)
|
| 040 |
|
|
|a DLC
|c DLC
|d DLC
|d BD-DhAAL
|
| 082 |
0 |
0 |
|a 362.3/2
|2 20
|
| 100 |
1 |
|
|a Brower, Aaron M.
|
| 245 |
1 |
0 |
|a Social cognition and individual change :
|b current theory and counseling guidelines /
|c Aaron M. Brower, Paula S. Nurius.
|
| 260 |
|
|
|a Newbury Park, Calif. :
|b Sage Publications,
|c c1993.
|
| 300 |
|
|
|a xv, 291 p. ;
|c 23 cm.
|
| 440 |
|
0 |
|a Sage sourcebooks for the human services series ;
|v v. 26
|
| 504 |
|
|
|a Includes bibliographical references (p. 267-278) and indexes.
|
| 541 |
1 |
|
|e 00007186
|
| 650 |
|
0 |
|a Social service
|x Psychological aspects.
|
| 650 |
|
0 |
|a Social perception.
|
| 650 |
|
0 |
|a Counseling.
|
| 700 |
1 |
|
|a Nurius, Paula.
|
| 852 |
4 |
|
|a Ayesha Abed Library
|j General shelf
|
| 999 |
|
|
|c 6368
|d 6368
|
| 952 |
|
|
|0 0
|1 0
|2 ddc
|4 0
|6 362_320000000000000_BRO_1993
|7 0
|9 6424
|a BRACUL
|b BRACUL
|c GEN
|d 2009-12-23
|g 0.00
|l 0
|o 362.32 BRO
|p 3010007186
|r 2009-12-23
|t 1
|w 2009-12-23
|y BK
|x No price found in the accession register.
|
| 952 |
|
|
|0 0
|1 0
|2 ddc
|4 0
|6 362_320000000000000_BRO
|7 0
|9 43111
|a SCL
|b SCL
|c GEN
|d 1999-05-05
|l 0
|o 362.32 BRO
|p 3020001745
|r 2014-07-14
|t 2
|w 2014-07-14
|y BK
|
| 952 |
|
|
|0 0
|1 0
|2 ddc
|4 0
|6 362_320000000000000_BRO
|7 0
|9 43116
|a SCL
|b SCL
|c GEN
|d 1999-05-08
|l 0
|o 362.32 BRO
|p 3020001764
|r 2014-07-14
|t 3
|w 2014-07-14
|y BK
|
| 952 |
|
|
|0 0
|1 0
|2 ddc
|4 0
|6 362_320000000000000_BRO
|7 0
|9 43280
|a SCL
|b SCL
|c GEN
|d 1999-01-25
|l 0
|o 362.32 BRO
|p 3020001355
|r 2014-07-19
|t 4
|w 2014-07-19
|y BK
|